| 000 | 00675nam a2200217 a 4500 | ||
|---|---|---|---|
| 001 | 000045309 | ||
| 003 | DO-SdBNP | ||
| 005 | 20180402102015.0 | ||
| 007 | 000045309 | ||
| 008 | 150302s2014 dr a 000 0 spa d | ||
| 040 |
_aBPMET _bspa _cBPMET |
||
| 245 | 0 | 0 | _aLecturas dominicanas. |
| 260 |
_aSanto Domingo : _bMinisterio de Educación, _c2014. |
||
| 300 |
_a[40] p. : _bil. ; _c21 cm. |
||
| 490 | _aQuisqueya aprende contigo | ||
| 710 | 2 | _aDirección General de Programas Especiales de la Presidencia | |
| 942 |
_2ddc _cBK |
||
| 945 | _aRemanejado para la BNPHU / 2018 VM | ||
| 956 |
_aVMATEO _b10 _c20150413 _lBPMSU _h0069 |
||
| 956 |
_aVMATEO _b10 _c20150908 _lBPMSU _h00151 |
||
| 999 |
_c7618 _d7618 |
||